Pharmacy in a new age (Record no. 53471)

MARC details
000 -LEADER
fixed length control field 00539nam a2200133 a 4500
008 - FIXED-LENGTH DATA ELEMENTS--GENERAL INFORMATION
fixed length control field 120416s1971 ||||||||||||||||| || u
050 ## - LIBRARY OF CONGRESS CALL NUMBER
Classification number RS 141.23 Can
245 10 - TITLE STATEMENT
Title Pharmacy in a new age
246 ## - VARYING FORM OF TITLE
Title proper/short title report of the commission on pharmaceutical services
260 ## - PUBLICATION, DISTRIBUTION, ETC.
Place of publication, distribution, etc. Toronto
Name of publisher, distributor, etc. The Canadian Pharmaceutical Association
Date of publication, distribution, etc. 1971
300 ## - PHYSICAL DESCRIPTION
Extent [xx] lviii, 463p. : ill.
350 ## - PRICE (NR) (BK AM CF MU VM SE) [OBSOLETE]
Price 0.00
995 ## - RECOMMENDATION 995 [LOCAL, UNIMARC FRANCE]
-- 0.00
-- CBU-MAIN LIBRARY (Kitwe)
-- 1
-- 20.00
-- AVAILABLE
-- Main Library Open Access Collection
Holdings
Withdrawn status Lost status Source of classification or shelving scheme Damaged status Not for loan Home library Current library Shelving location Date acquired Total Checkouts Full call number Barcode Date last seen Price effective from Koha item type
          CBU-MAIN LIBRARY, KITWE. CBU-MAIN LIBRARY, KITWE.   11/30/2022   RS 141.23 Can 000139 11/30/2022 11/30/2022 MONOGRAPH